Every Stanley Cup Winning Goaltender, Ever (Hard Vers.) - Statistics

General Stats
  • This quiz has been taken 28 times
    5 since last reset
  • The average score is 83 of 147
Answer Stats
Hint Answer % Correct
2021 Andrei Vasilevskiy
100%
2020 Andrei Vasilevskiy
100%
2010 Antti Niemi
100%
2018 Braden Holtby
100%
2006 Cam Ward
100%
2008 Chris Osgood
100%
1998 Chris Osgood
100%
2015 Corey Crawford
100%
2013 Corey Crawford
100%
2022 Darcy Kuemper
100%
Dominik Hasek
100%
2002 Dominik Hasek
100%
1999 Ed Belfour
100%
1988 Grant Fuhr
100%
1987 Grant Fuhr
100%
1985 Grant Fuhr
100%
1984 Grant Fuhr
100%
2007 Jean-Sebastien Giguere
100%
2014 Jonathan Quick
100%
2012 Jonathan Quick
100%
2019 Jordan Binnington
100%
1979 Ken Dryden
100%
1978 Ken Dryden
100%
1977 Ken Dryden
100%
1976 Ken Dryden
100%
1973 Ken Dryden
100%
2023 Logan Thompson
100%
2009 Marc-Andre Fleury
100%
2003 Martin Brodeur
100%
2000 Martin Brodeur
100%
1995 Martin Brodeur
100%
2017 Matt Murray
100%
2016 Matt Murray
100%
1994 Mike Richter
100%
1997 Mike Vernon
100%
1989 Mike Vernon
100%
2004 Nikolai Khabibulin
100%
2001 Patrick Roy
100%
1996 Patrick Roy
100%
1993 Patrick Roy
100%
1986 Patrick Roy
100%
2025 Sergei Bobrovsky
100%
2024 Sergei Bobrovsky
100%
2011 Tim Thomas
100%
1992 Tom Barrasso
100%
1991 Tom Barrasso
100%
1975 Bernie Parent
67%
1974 Bernie Parent
67%
1990 Bill Ranford
67%
1983 Billy Smith
67%
1982 Billy Smith
67%
1981 Billy Smith
67%
1980 Billy Smith
67%
1972 Gerry Cheevers
67%
1970 Gerry Cheevers
67%
1971 Ken Dryden
67%
1935 Alec Connell
33%
1927 Alec Connell
33%
Al Rollins
33%
1933 Andy Aitkenhead
33%
Andy Moog
33%
1902 Art Brown
33%
1901 Art Brown
33%
1946 Bill Durnan
33%
1944 Bill Durnan
33%
1906 Billy Hague
33%
1905 Billy Hague
33%
1903 Billy Nicholson
33%
1902 Billy Nicholson
33%
1903 Bouse Hutton
33%
1965 Charlie Hodge
33%
1934 Chuck Gardiner
33%
1926 Clint Benedict
33%
1923 Clint Benedict
33%
1921 Clint Benedict
33%
1920 Clint Benedict
33%
1904 Dave Finnie
33%
1940 Dave Kerr
33%
1907 Eddie Giroux
33%
Eddie Johnston
33%
1941 Frank Brimsek
33%
1939 Frank Brimsek
33%
1945 Frank McCool
33%
1931 George Hainsworth
33%
1930 George Hainsworth
33%
1896 George Merritt
33%
1924 Georges Vezina
33%
1916 Georges Vezina
33%
1953 Gerry McNeil
33%
1961 Glenn Hall
33%
1899 Gordon Lewis
33%
1898 Gordon Lewis
33%
1897 Gordon Lewis
33%
1896 Gordon Lewis
33%
1968 Gump Worsley
33%
1966 Gump Worsley
33%
1925 Hap Holmes
33%
1918 Hap Holmes
33%
1917 Hap Holmes
33%
1914 Hap Holmes
33%
1950 Harry Lumley
33%
Hartland MacDougal
33%
1895 Herbert Collins
33%
1894 Herbert Collins
33%
1915 Hugh Lehman
33%
1960 Jacques Plante
33%
1959 Jacques Plante
33%
1958 Jacques Plante
33%
1957 Jacques Plante
33%
1956 Jacques Plante
33%
1900 James McKenna
33%
1899 James McKenna
33%
Jim Fenwick
33%
Johnny Bower
33%
1964 Johnny Bower
33%
1963 Johnny Bower
33%
1962 Johnny Bower
33%
1943 Johnny Mowers
33%
1922 John Ross Roach
33%
Laurent Brossoit
33%
1932 Lorne Chabot
33%
1928 Lorne Chabot
33%
1938 Mike Karakas
33%
1937 Normie Smith
33%
1936 Normie Smith
33%
1913 Paddy Moran
33%
1912 Paddy Moran
33%
1911 Percy LeSueur
33%
1910 Percy LeSueur
33%
1909 Percy LeSueur
33%
1910 Riley Hern
33%
1908 Riley Hern
33%
1907 Riley Hern
33%
1906 Riley Hern
33%
1895 Robert Jones
33%
1969 Rogatien Vachon
33%
1967 Terry Sawchuk
33%
1955 Terry Sawchuk
33%
1954 Terry Sawchuk
33%
1952 Terry Sawchuk
33%
1929 Tiny Thompson
33%
1893 Tom Paton
33%
1951 Turk Broda
33%
1949 Turk Broda
33%
1948 Turk Broda
33%
1947 Turk Broda
33%
1942 Turk Broda
33%
No matching quizzes found
Score Distribution
Percent of People with Each Score
Percentile by Number Answered
Your Score History
You have not taken this quiz since the last reset